| 000 | 00549nam a2200169 i 4500 | ||
|---|---|---|---|
| 001 | 84658 | ||
| 003 | ES-MaACL | ||
| 005 | 20250822063134.0 | ||
| 007 | t| | ||
| 008 | 041123s1961 sp ||||1| spa d | ||
| 100 | 1 |
_aJansà Guardiola, Josep Maria, _d1901-1994 _966050 |
|
| 245 | 1 | 0 |
_aNociones de Climatología general y de Menorca / _cJosé Mª Jansá Guardiola. |
| 260 |
_aMahón : _b[s.n.], _c1961 ( _fImp. Manuel Sintes Rotger) |
||
| 300 |
_a138 p. : _bil. ; _c22 cm. |
||
| 852 |
_aES-MaACL _jC-20566 _bR.49078 |
||
| 999 |
_c84658 _d84658 |
||